Художествено обработване на дървото (Запис номер 51239)
[ съкратено ]
| 000 -Лидер | |
|---|---|
| Контролно поле с фиксирана дължина | 01749nam a2200361 c 4500 |
| 003 - Код на организацията, давaща контролен номер | |
| Контролно поле | BLK |
| 005 - Дата и час на последна редакция | |
| Контролно поле | 20190909172540.0 |
| 008 - Елементи от данни с фиксирана дължина | |
| fixed length control field | 180408b bul|||||r ||||||| ||bul|| |
| 010 ## - Наследен системен номер | |
| LC control number | KNG00055141000 |
| 040 ## - Източник на каталожния запис | |
| Идентификатор на билиотеката - собственик на записа | BLK |
| 041 ## - Код за език | |
| Код за езика на текст/звукозапис или на отделно заглавие | Български |
| Код за езика КДБФ | Български |
| 080 ## - УДК | |
| Текстов определител УДК | Художествена обработка на дърво - Обгаряне (пирография), мозайка (интарзия), стругуване, резбарство, лакиране (Палех, Холуй, Жостово, Мстера, Федоскин |
| УДК код - определител по УДК | 745.51 |
| УДК определител | |
| УДК - код + определител | 745.51 |
| 100 1# - Редна дума - Автор | |
| Автор | Шеди, Вацлав |
| Авторска отговорност | първи автор |
| R(LIN) | 143046 |
| 139 ## - Редно поле | |
| Редна дума | Шеди, Вацлав |
| Авторски знак | Шевч - Ш 47 |
| 245 10 - Сведения за заглавието | |
| Заглавие | Художествено обработване на дървото |
| Подзаглавни данни | Ръководство |
| Редно поле (дума) | Вацлав Шеди; прев. от чеш. Маргарита Симеонова Кюркчиева. |
| 257 ## - Страна на издаване | |
| Страна на създаване/издаване | Чехословакия |
| 260 ## - Област на издателските данни | |
| -- | София |
| Име на издателя, разпространителя и проч. | Техника |
| Година на издаване | 1982 |
| 300 ## - Физическа характеристика | |
| Страници | 96 с. |
| Илюстрации и др. | с ил., 11 л. : ил. |
| Размери/Мащаб | 30 см |
| 380 ## - Жанр | |
| Жанр | Изкуство |
| 500 ## - Общи забележки | |
| Забележка | Ориг. загл. Prace s drevem / Vaclav Sedy. - 12 500 тир. |
| 650 #4 - Допълнително описание по предмет – тема | |
| Основно описание – тема или топоним | Художествена обработка на дърво - наръчници и ръководства |
| 9 (RLIN) | 283670 |
| 650 #4 - Допълнително описание по предмет – тема | |
| Основно описание – тема или топоним | Дърворезба - наръчници и ръководства |
| 9 (RLIN) | 279066 |
| 653 ## - Ключова дума – ненормативна | |
| Ключова дума | дърворезба |
| 653 ## - Ключова дума – ненормативна | |
| Ключова дума | декоративно изкуство |
| 653 ## - Ключова дума – ненормативна | |
| Ключова дума | приложни изкуства |
| 653 ## - Ключова дума – ненормативна | |
| Ключова дума | ръководства |
| 700 1# - Други автори (авторска отговорност) | |
| Лично име | Кюркчиева, Маргарита Симеонова |
| Автороска отговорност (Описва отношението между автора и произведението) | прев. от чеш. |
| 9 (RLIN) | 283702 |
| 852 ## - Местоположение | |
| Форматна сигнатура | Цб ІІ 6364 |
| 856 4# - Електронен адрес и достъп | |
| Електронен формат | pdf - файл |
| Път до файла /url/ | |
| 856 4# - Електронен адрес и достъп | |
| Електронен формат | pdf - файл |
| Път до файла /url/ | |
| 942 ## - АРТИКУЛИ | |
| Вид на библиотечния материал | Книги |
| Скрит в OPAC | Не |
| Koha issues (borrowed), all copies | 1 |
| 944 ## - СЪЗДАВАНЕ И РЕДАКЦИЯ на ЗАПИСА | |
| Създаване/Редакция | Създаване |
| Дата на регистрацията/редакция | 26.08.2005 |
| Служител, извършил регистрацията/редакцията | Наталия_Медовщикова |
| 944 ## - СЪЗДАВАНЕ И РЕДАКЦИЯ на ЗАПИСА | |
| Създаване/Редакция | Редакция |
| Дата на регистрацията/редакция | 06.03.2013 |
| Служител, извършил регистрацията/редакцията | |
| 999 ## - СИСТЕМНИ КОНТРОЛНИ НОМЕРА | |
| Koha biblionumber | 51239 |
| Koha biblioitemnumber | 51239 |
| Код за отписване | Код за изгубен артикул | Източник на класификационната схема | Код за повреда | Коз за рестрикции | Код за отдаване | Артикулен № | Име на библиотеката - собственик | Име на библиотеката, в която се намира в момента | Статус (Текущо местоположение) | Дата на вписване в системата | Местоположение - отдел | Цена в лева | Инвентарен номер | Систематично азбучна сигнатура | Баркод | Номер на екземпляра | Цена в евро | Служебна бележка | Служебен тип на артикула |
|---|---|---|---|---|---|---|---|---|---|---|---|---|---|---|---|---|---|---|---|
| Не е изгубен | Universal Decimal Classification | Не е повреден | без рестрикции | заемане за дома | 80724 | Регионална библиотека "Любен Каравелов" Русе | Регионална библиотека "Любен Каравелов" Русе | Отдел Изкуство - подръчен фонд | 2005-08-26 | Отдел Изкуство - подръчен фонд | 1.72 | 120000696459 | 745.51/Ш 47 | 120000696459 | 1 | 0.88 | Дост: DA Вид: А N: 22 Дата: 26.08.2005 Дата инв: 07.06.2012 Бележки инв: * | Книги | |
| Не е изгубен | Universal Decimal Classification | Не е повреден | само за читалня | ползва се в читалня | 80725 | Регионална библиотека "Любен Каравелов" Русе | Регионална библиотека "Любен Каравелов" Русе | Хранилище | 1982-01-01 | Хранилище | 1.72 | 369700 | Цб ІІ 6364 | 120000369700 | 2 | 0.88 | Дост: Dp Вид: Д N: стар фонд Дата: 01.01.1982 | Книги | |
| Изтеглен | Не е изгубен | Universal Decimal Classification | Не е повреден | без рестрикции | заемане за дома | 80726 | Регионална библиотека "Любен Каравелов" Русе | Регионална библиотека "Любен Каравелов" Русе | Отдел Изкуство - подръчен фонд | 1982-01-01 | Отдел Изкуство - подръчен фонд | 1.72 | 369152 | 745.51/Ш 47 | 369152 | 3 | 0.88 | Дост: Pk Вид: Ф N: стар фонд Дата: 01.01.1982 Дата инв: 12.02.2015 Бележки инв: ИП2015 | Книги |
| Не е изгубен | Universal Decimal Classification | Не е повреден | без рестрикции | заемане за дома | 80727 | Регионална библиотека "Любен Каравелов" Русе | Регионална библиотека "Любен Каравелов" Русе | Отдел Изкуство - подръчен фонд | 1982-01-01 | Отдел Изкуство - подръчен фонд | 1.72 | 369172 | 745.51/Ш 47 | 120000369172 | 4 | 0.88 | Дост: Pk Вид: Ф N: стар фонд Дата: 01.01.1982 Дата инв: 12.02.2015 Бележки инв: ИП2015 | Книги |